00940nam a2200241Ia 4500001000600000003000900006008004100015040001300056040001300069041001300082100002500095100002900120245009800149245006400247250001100311260000900322260001200331260004900343300005900392500019200451650002400643650003100667H9059IT-RoPAU130308s9999 xx 000 0 und d aIT-RoPAU cIT-RoPAU aITALIANO aDarrault-Harris Ivan gCodice Aut. SPICS: 59614 aDalla salute alla patologia: andate semplici, andate e ritorno. Racconti di viaggio esemplari bDiscorso della salute (Il). Verso una sociosemiotica Medica a1a ed. aROMA bMeltemi c2005 [1° Ed.:2005 - Ed.Ling.Originale:2005] a"10 p. (prefazione: no ; testo: 10 [pagine: 181-190])" aAnalisi Semiotica dei Sintomi. Caso di Francois Xavier, 9 Anni. Spazio Protesi della Psicoterapia. scelta della configurazione Terapeutica. Effetti Terapeutici della Cornice. Conclusione. aSAGGI DI SEMIOLOGIA eCodice materia Spics: 3257